000 00840nam a2200313 a 4500
001 vtls000102388
003 NLI
005 20210601201852.0
008 101125s1965 enk 000 0 eng
020 _cUSD 7.95
039 9 _y201011251139
_zVLOAD
040 _aNLI
_beng
_cDataSoft
_eAACR2
041 0 _aeng
044 _aenk
082 0 4 _a210.81
100 1 _aChardin, Pierre Thilhard De.
_9215877
245 1 0 _aHymn of the Universe /
_cPierre Thilhard De Chardin
260 _aLondon :
_bCollins,
_c1965
300 _a158 p. ;
_c19 cm.
650 0 _aReligion
_94605
650 0 _aTheism
_9177617
650 0 _aPrayer
_9202636
650 0 _aHumanity
_912895
887 _a
901 _a375663
_b04.05.1965
902 _aE210.81 T234
949 _AVIRTUAITEM
_D10000
_X100
_6PUR000375663ENG
942 _2ddc
_cBKS
999 _aVIRTUA00
_c106924
_d106924